<?xml version="1.0" encoding="UTF-8"?>
<record
    xmlns:xsi="http://www.w3.org/2001/XMLSchema-instance"
    xsi:schemaLocation="http://www.loc.gov/MARC21/slim http://www.loc.gov/standards/marcxml/schema/MARC21slim.xsd"
    xmlns="http://www.loc.gov/MARC21/slim">

  <leader>00788nam a22002177a 4500</leader>
  <controlfield tag="008">240702b        mp ||||| |||| 00| 0 mon d</controlfield>
  <datafield tag="035" ind1=" " ind2=" ">
    <subfield code="a">18052</subfield>
  </datafield>
  <datafield tag="040" ind1=" " ind2=" ">
    <subfield code="a">ZA2481090</subfield>
    <subfield code="b">mon</subfield>
    <subfield code="c">MN-UlNLM</subfield>
    <subfield code="d">MN-UlNLM</subfield>
    <subfield code="e">rda</subfield>
  </datafield>
  <datafield tag="041" ind1=" " ind2=" ">
    <subfield code="a">mon</subfield>
  </datafield>
  <datafield tag="042" ind1=" " ind2=" ">
    <subfield code="a">44616</subfield>
  </datafield>
  <datafield tag="084" ind1=" " ind2=" ">
    <subfield code="2">NNA</subfield>
    <subfield code="a">84/0/-44</subfield>
    <subfield code="b">&#x414;-404</subfield>
  </datafield>
  <datafield tag="100" ind1=" " ind2=" ">
    <subfield code="a">&#x414;&#x435;&#x444;&#x43E; &#x414;.</subfield>
  </datafield>
  <datafield tag="245" ind1=" " ind2="0">
    <subfield code="a">&#x420;&#x43E;&#x431;&#x438;&#x43D;&#x437;&#x43E;&#x43D; &#x41A;&#x440;&#x443;&#x437;&#x43E;</subfield>
  </datafield>
  <datafield tag="264" ind1=" " ind2=" ">
    <subfield code="a">&#x443;&#x43B;&#x430;&#x430;&#x43D;&#x431;&#x430;&#x430;&#x442;&#x430;&#x440;</subfield>
    <subfield code="b">&#x421;&#x4AF;&#x445;&#x431;&#x430;&#x430;&#x442;&#x430;&#x440;&#x44B;&#x43D; &#x43D;&#x44D;&#x440;&#x44D;&#x43C;&#x436;&#x438;&#x442; &#x445;&#x44D;&#x432;&#x43B;</subfield>
    <subfield code="c">1956</subfield>
  </datafield>
  <datafield tag="300" ind1=" " ind2=" ">
    <subfield code="a">218&#x445;.</subfield>
  </datafield>
  <datafield tag="336" ind1=" " ind2=" ">
    <subfield code="2">rdacontent</subfield>
    <subfield code="a">text</subfield>
    <subfield code="b">txt</subfield>
  </datafield>
  <datafield tag="337" ind1=" " ind2=" ">
    <subfield code="2">rdamedia</subfield>
    <subfield code="a">unmediated</subfield>
    <subfield code="b">n</subfield>
  </datafield>
  <datafield tag="338" ind1=" " ind2=" ">
    <subfield code="2">rdacarrier</subfield>
    <subfield code="a">volume</subfield>
    <subfield code="b">nc</subfield>
  </datafield>
  <datafield tag="650" ind1=" " ind2=" ">
    <subfield code="a">&#x422;&#x44D;&#x43D;&#x433;&#x438;&#x441; &#x434;&#x44D;&#x44D;&#x440;&#x445; &#x430;&#x43D;&#x445;&#x43D;&#x44B; &#x442;&#x43E;&#x445;&#x438;&#x43E;&#x43B;&#x434;&#x43E;&#x43B;, &#x420;&#x43E;&#x431;&#x438;&#x43D;&#x437;&#x43E;&#x43D; &#x430;&#x433;&#x443;&#x439;&#x434;&#x430;&#x430; &#x44D;&#x440;&#x433;&#x44D;&#x436; &#x438;&#x440;&#x44D;&#x432;, &#x420;&#x43E;&#x431;&#x438;&#x43D;&#x437;&#x43E;&#x43D; &#x411;&#x430;&#x430;&#x441;&#x430;&#x43D; &#x445;&#x43E;&#x451;&#x440; &#x437;&#x430;&#x432;&#x44C; &#x445;&#x438;&#x439;&#x432;  ...</subfield>
  </datafield>
  <datafield tag="942" ind1=" " ind2=" ">
    <subfield code="2">NNA</subfield>
    <subfield code="c">BK</subfield>
  </datafield>
  <datafield tag="952" ind1=" " ind2=" ">
    <subfield code="0">0</subfield>
    <subfield code="1">0</subfield>
    <subfield code="4">0</subfield>
    <subfield code="6">84044_&#x414;404</subfield>
    <subfield code="7">0</subfield>
    <subfield code="8">ZA2481</subfield>
    <subfield code="a">ZA2481090</subfield>
    <subfield code="b">ZA2481090</subfield>
    <subfield code="c">ZA2481</subfield>
    <subfield code="d">2024-07-06</subfield>
    <subfield code="g">450.00</subfield>
    <subfield code="l">0</subfield>
    <subfield code="o">84/0/-44  &#x414;-404</subfield>
    <subfield code="p">ZA24818052-4-1</subfield>
    <subfield code="r">2024-07-06</subfield>
    <subfield code="t">4366</subfield>
    <subfield code="y">BK</subfield>
  </datafield>
  <datafield tag="999" ind1=" " ind2=" ">
    <subfield code="c">1085891</subfield>
    <subfield code="d">1085948</subfield>
  </datafield>
</record>
